Effizientes Brainstorming : Tipps Fur Organisation und Durchfuhrung Von Erfolgreichem Brainstorming /

Bibliographic Details
Main Authors: Zinque, Nicolas, (Author), Lobeck, Sarah Mareike, (Author)
Format: eBook
Language:German
Published: [Place of publication not identified] : 50Minuten.de, [2019]
Subjects:
Online Access:Click to View
LEADER 01390nam a2200349 i 4500
001 EBC6138780
003 MiAaPQ
005 20220521120039.0
006 m o d |
007 cr cnu||||||||
008 220521s2019 xx o 000 0 ger d
020 |a 9782808021524  |q (electronic bk.) 
035 |a (MiAaPQ)EBC6138780 
035 |a (Au-PeEL)EBL6138780 
035 |a (OCoLC)1147303947 
040 |a MiAaPQ  |b eng  |e rda  |e pn  |c MiAaPQ  |d MiAaPQ 
050 4 |a BF408  |b .Z567 2019 
082 0 |a 153  |2 23 
100 1 |a Zinque, Nicolas,  |e author. 
245 1 0 |a Effizientes Brainstorming :  |b Tipps Fur Organisation und Durchfuhrung Von Erfolgreichem Brainstorming /  |c Nicolas Zinque, Sarah Mareike Lobeck. 
264 1 |a [Place of publication not identified] :  |b 50Minuten.de,  |c [2019] 
300 |a 1 online resource (64 pages) 
336 |a text  |b txt  |2 rdacontent 
337 |a computer  |b c  |2 rdamedia 
338 |a online resource  |b cr  |2 rdacarrier 
588 |a Description based on print version record. 
590 |a Electronic reproduction. Ann Arbor, MI : ProQuest, 2018. Available via World Wide Web. Access may be limited to ProQuest affiliated libraries. 
650 0 |a Brainstorming. 
655 4 |a Electronic books. 
700 1 |a Lobeck, Sarah Mareike,  |e author. 
797 2 |a ProQuest (Firm) 
856 4 0 |u https://ebookcentral.proquest.com/lib/matrademy/detail.action?docID=6138780  |z Click to View